<?xml version="1.0" encoding="UTF-8"?>
<record
    xmlns:xsi="http://www.w3.org/2001/XMLSchema-instance"
    xsi:schemaLocation="http://www.loc.gov/MARC21/slim http://www.loc.gov/standards/marcxml/schema/MARC21slim.xsd"
    xmlns="http://www.loc.gov/MARC21/slim">

  <leader>01097nam a22003017a 4500</leader>
  <controlfield tag="003">OSt</controlfield>
  <controlfield tag="005">20240530110424.0</controlfield>
  <controlfield tag="008">150319s2010    ua aof f b    001 0 fre d</controlfield>
  <datafield tag="020" ind1=" " ind2=" ">
    <subfield code="a">9782724705577</subfield>
  </datafield>
  <datafield tag="040" ind1=" " ind2=" ">
    <subfield code="a">EG-CaGPL</subfield>
    <subfield code="c">EG-CaGPL</subfield>
  </datafield>
  <datafield tag="082" ind1="0" ind2="4">
    <subfield code="2">21</subfield>
    <subfield code="a">726.2</subfield>
    <subfield code="b">CC/L R</subfield>
  </datafield>
  <datafield tag="100" ind1="1" ind2=" ">
    <subfield code="a">Loiseau , Julien </subfield>
  </datafield>
  <datafield tag="245" ind1="1" ind2="0">
    <subfield code="a">Reconstruire la maison du Sultan :</subfield>
    <subfield code="b">1350-1450 , ruine et recomposition de l'ordre urbain au Caire /</subfield>
    <subfield code="c">Julien Loiseau</subfield>
  </datafield>
  <datafield tag="260" ind1=" " ind2=" ">
    <subfield code="a">Cairo :</subfield>
    <subfield code="b"> Institut fran&#xE7;ais d'arch&#xE9;ologie orientale ,</subfield>
    <subfield code="c">&#xA9;2010</subfield>
  </datafield>
  <datafield tag="300" ind1=" " ind2=" ">
    <subfield code="a">2 volumes : </subfield>
    <subfield code="b">ill., maps ;</subfield>
    <subfield code="c">33 cm.</subfield>
  </datafield>
  <datafield tag="504" ind1=" " ind2=" ">
    <subfield code="a">Includes bibliographical references and index.</subfield>
  </datafield>
  <datafield tag="650" ind1="0" ind2=" ">
    <subfield code="a">Urban renewal </subfield>
    <subfield code="z">Egypt</subfield>
    <subfield code="y">14th century.</subfield>
  </datafield>
  <datafield tag="650" ind1="0" ind2=" ">
    <subfield code="a">Urban renewal</subfield>
    <subfield code="z">Egypt</subfield>
    <subfield code="y">15th century.</subfield>
  </datafield>
  <datafield tag="650" ind1="0" ind2=" ">
    <subfield code="a">Sultans</subfield>
    <subfield code="z">Egypt</subfield>
    <subfield code="y">14th century.</subfield>
  </datafield>
  <datafield tag="650" ind1="0" ind2=" ">
    <subfield code="a">Sultans</subfield>
    <subfield code="z">Egypt</subfield>
    <subfield code="y">15th century.</subfield>
  </datafield>
  <datafield tag="650" ind1="0" ind2=" ">
    <subfield code="a">Social history.</subfield>
  </datafield>
  <datafield tag="650" ind1="0" ind2=" ">
    <subfield code="a">Mamelucken.</subfield>
  </datafield>
  <datafield tag="650" ind1="0" ind2=" ">
    <subfield code="a">Architecture , Islamic</subfield>
  </datafield>
  <datafield tag="651" ind1="0" ind2=" ">
    <subfield code="a">Cairo (Egypt)</subfield>
    <subfield code="x">Social conditions</subfield>
    <subfield code="y">14th century.</subfield>
  </datafield>
  <datafield tag="651" ind1="0" ind2=" ">
    <subfield code="a">Cairo (Egypt)</subfield>
    <subfield code="x">Social conditions</subfield>
    <subfield code="y">15th century.</subfield>
  </datafield>
  <datafield tag="942" ind1=" " ind2=" ">
    <subfield code="2">ddc</subfield>
    <subfield code="c">BK</subfield>
  </datafield>
  <datafield tag="999" ind1=" " ind2=" ">
    <subfield code="c">60712</subfield>
    <subfield code="d">60712</subfield>
  </datafield>
  <datafield tag="952" ind1=" " ind2=" ">
    <subfield code="0">0</subfield>
    <subfield code="1">0</subfield>
    <subfield code="2">ddc</subfield>
    <subfield code="4">0</subfield>
    <subfield code="7">0</subfield>
    <subfield code="a">CAI</subfield>
    <subfield code="b">CAI</subfield>
    <subfield code="d">2015-03-19</subfield>
    <subfield code="l">0</subfield>
    <subfield code="o">726.2 CC/L R</subfield>
    <subfield code="p">159814</subfield>
    <subfield code="r">2015-03-19 00:00:00</subfield>
    <subfield code="w">2015-03-19</subfield>
    <subfield code="y">BK</subfield>
  </datafield>
  <datafield tag="952" ind1=" " ind2=" ">
    <subfield code="0">0</subfield>
    <subfield code="1">0</subfield>
    <subfield code="2">ddc</subfield>
    <subfield code="4">0</subfield>
    <subfield code="7">0</subfield>
    <subfield code="a">CAI</subfield>
    <subfield code="b">CAI</subfield>
    <subfield code="d">2015-03-19</subfield>
    <subfield code="l">0</subfield>
    <subfield code="o">726.2 CC/L R</subfield>
    <subfield code="p">159815</subfield>
    <subfield code="r">2015-03-19 00:00:00</subfield>
    <subfield code="w">2015-03-19</subfield>
    <subfield code="y">BK</subfield>
  </datafield>
</record>
